000 00216nam a22000857a 4500
008 170118b xxu||||| |||| 00| 0 eng d
100 _92473
_aDorling Kindersly
245 _aAsk me Anything
260 _aNew Delhi
_bD.K.
_c2009
999 _c5537
_d5537